[Event "45th FIDE Chess Olympiad Open"]
[Site "Budapest, Hungary"]
[Date "2024.09.21"]
[Round "10"]
[White "Delgado Ramirez, Neuris"]
[Black "Sapalo, Gabriel"]
[Result "1-0"]
[Board "146"]
[WhiteFideId "3503631"]
[BlackFideId "10100717"]
[WhiteTitle "GM"]
[WhiteElo "2484"]
[BlackElo "2058"]
[WhiteTeam "Paraguay"]
[BlackTeam "Angola"]
[WhiteClock "0:34:03"]
[BlackClock "0:17:59"]
[Variant "Standard"]

1. e4 {[%clk 1:30:55]}  c5 {[%clk 1:30:33]} 2. Nf3 {[%clk 1:31:17]}  e6 {[%clk 1:30:44]} 3. Qe2 {[%clk 1:25:45]}  Nc6 {[%clk 1:30:26]} 4. c3 {[%clk 1:26:08]}  e5 {[%clk 1:29:14]} 5. Na3 {[%clk 1:24:23]}  Nf6 {[%clk 1:29:22]} 6. d3 {[%clk 1:23:48]}  Be7 {[%clk 1:29:41]} 7. Nc4 {[%clk 1:24:08]}  d6 {[%clk 1:30:00]} 8. Bg5 {[%clk 1:24:33]}  b5 {[%clk 1:25:57]} 9. Ne3 {[%clk 1:24:49]}  b4 {[%clk 1:25:43]} 10. Qd2 {[%clk 1:20:46]}  O-O {[%clk 1:25:40]} 11. Be2 {[%clk 1:20:59]}  a5 {[%clk 1:25:11]} 12. O-O {[%clk 1:18:13]}  h6 {[%clk 1:21:19]} 13. Bxf6 {[%clk 1:18:18]}  Bxf6 {[%clk 1:21:32]} 14. a4 {[%clk 1:17:39]}  g6 {[%clk 1:21:29]} 15. Qc2 {[%clk 1:13:03]}  Bg7 {[%clk 1:20:42]} 16. Nd2 {[%clk 1:13:29]}  Be6 {[%clk 1:20:08]} 17. Rae1 {[%clk 1:09:12]}  Rc8 {[%clk 1:20:17]} 18. Qc1 {[%clk 1:09:00]}  f5 {[%clk 1:19:56]} 19. exf5 {[%clk 1:08:51]}  gxf5 {[%clk 1:20:13]} 20. f4 {[%clk 1:08:57]}  d5 {[%clk 1:09:31]} 21. fxe5 {[%clk 1:08:40]}  Nxe5 {[%clk 1:08:59]} 22. Nd1 {[%clk 1:01:17]}  Qd6 {[%clk 1:00:55]} 23. Nf2 {[%clk 1:00:02]}  f4 {[%clk 0:55:51]} 24. Nf3 {[%clk 0:57:56]}  Nd7 {[%clk 0:50:11]} 25. Bd1 {[%clk 0:57:46]}  Nb6 {[%clk 0:50:10]} 26. h3 {[%clk 0:55:45]}  Bd7 {[%clk 0:50:23]} 27. Ng4 {[%clk 0:55:54]}  bxc3 {[%clk 0:48:59]} 28. bxc3 {[%clk 0:56:16]}  Bxa4 {[%clk 0:48:55]} 29. Bxa4 {[%clk 0:53:24]}  Nxa4 {[%clk 0:49:18]} 30. Nge5 {[%clk 0:53:47]}  Nb6 {[%clk 0:46:43]} 31. Qa3 {[%clk 0:53:21]}  a4 {[%clk 0:46:18]} 32. Re2 {[%clk 0:52:41]}  Rfd8 {[%clk 0:41:31]} 33. Qc1 {[%clk 0:48:56]}  Rf8 {[%clk 0:41:11]} 34. Rfe1 {[%clk 0:48:03]}  Nd7 {[%clk 0:34:23]} 35. Ng4 {[%clk 0:47:08]}  Qa6 {[%clk 0:34:24]} 36. Re7 {[%clk 0:45:59]}  Nf6 {[%clk 0:23:08]} 37. Qxf4 {[%clk 0:29:43]}  Nh5 {[%clk 0:19:25]} 38. Qe3 {[%clk 0:22:17]}  Nf4 {[%clk 0:18:48]} 39. Rb1 {[%clk 0:15:46]}  d4 {[%clk 0:04:21]} 40. Qe4 {[%clk 0:14:40]}  Qg6 {[%clk 0:01:15]} 41. Rbb7 {[%clk 0:14:24]}  Rce8 {[%clk 0:28:36]} 42. Rxg7+ {[%clk 0:35:19]}  Qxg7 {[%clk 0:29:04]} 43. Rxg7+ {[%clk 0:35:40]}  Kxg7 {[%clk 0:29:33]} 44. Qc6 {[%clk 0:36:03]}  Re6 {[%clk 0:25:01]} 45. Qxc5 {[%clk 0:34:39]}  Ne2+ {[%clk 0:24:10]} 46. Kh2 {[%clk 0:34:45]}  Rxf3 {[%clk 0:23:30]} 47. gxf3 {[%clk 0:34:19]}  dxc3 {[%clk 0:23:32]} 48. f4 {[%clk 0:34:01]}  a3 {[%clk 0:23:36]} 49. f5 {[%clk 0:33:51]}  Ra6 {[%clk 0:17:41]} 50. Qe7+ {[%clk 0:33:57]}  Kg8 {[%clk 0:17:59]} 51. f6 {[%clk 0:34:03]} 1-0

[Event "45th FIDE Chess Olympiad Open"]
[Site "Budapest, Hungary"]
[Date "2024.09.21"]
[Round "10"]
[White "Silva, David"]
[Black "Cubas, Jose Fernando"]
[Result "0-1"]
[Board "147"]
[WhiteFideId "10101314"]
[BlackFideId "3700267"]
[WhiteTitle "IM"]
[BlackTitle "GM"]
[WhiteElo "2363"]
[BlackElo "2417"]
[WhiteTeam "Angola"]
[BlackTeam "Paraguay"]
[WhiteClock "0:28:16"]
[BlackClock "0:16:49"]
[Variant "Standard"]

1. e4 {[%clk 1:30:16]}  c5 {[%clk 1:30:55]} 2. Nf3 {[%clk 1:29:38]}  Nc6 {[%clk 1:31:19]} 3. d4 {[%clk 1:30:03]}  cxd4 {[%clk 1:31:40]} 4. Nxd4 {[%clk 1:30:22]}  e5 {[%clk 1:31:51]} 5. Nb5 {[%clk 1:30:39]}  d6 {[%clk 1:32:16]} 6. c4 {[%clk 1:30:35]}  Be6 {[%clk 1:29:30]} 7. N5c3 {[%clk 1:30:33]}  Nf6 {[%clk 1:23:03]} 8. Na3 {[%clk 1:30:57]}  Be7 {[%clk 1:17:52]} 9. Nc2 {[%clk 1:30:39]}  O-O {[%clk 1:18:02]} 10. Be2 {[%clk 1:30:49]}  Rc8 {[%clk 1:17:34]} 11. O-O {[%clk 1:31:07]}  a6 {[%clk 1:08:59]} 12. Be3 {[%clk 1:26:05]}  Nb8 {[%clk 1:01:28]} 13. Na3 {[%clk 1:19:41]}  Nbd7 {[%clk 1:00:29]} 14. Rc1 {[%clk 1:18:43]}  Nc5 {[%clk 0:55:14]} 15. Bf3 {[%clk 1:15:33]}  Bd7 {[%clk 0:36:24]} 16. b4 {[%clk 1:14:34]}  Ne6 {[%clk 0:35:28]} 17. Qd2 {[%clk 1:14:58]}  Kh8 {[%clk 0:34:46]} 18. Nd5 {[%clk 1:14:41]}  Nxd5 {[%clk 0:33:20]} 19. exd5 {[%clk 1:14:03]}  Ng5 {[%clk 0:33:27]} 20. Be2 {[%clk 1:14:07]}  f5 {[%clk 0:32:34]} 21. f4 {[%clk 1:13:42]}  Ne4 {[%clk 0:32:30]} 22. Qd3 {[%clk 1:01:45]}  exf4 {[%clk 0:28:04]} 23. Rxf4 {[%clk 0:57:32]}  Bg5 {[%clk 0:25:51]} 24. Rf3 {[%clk 0:55:40]}  f4 {[%clk 0:23:28]} 25. Bd4 {[%clk 0:46:33]}  Bf5 {[%clk 0:23:39]} 26. Qc2 {[%clk 0:32:41]}  Bf6 {[%clk 0:19:07]} 27. Bxf6 {[%clk 0:29:07]}  Qxf6 {[%clk 0:18:16]} 28. Bd3 {[%clk 0:28:06]}  Qd4+ {[%clk 0:07:31]} 29. Kh1 {[%clk 0:28:05]}  g5 {[%clk 0:07:00]} 30. Bxe4 {[%clk 0:23:54]}  Bxe4 {[%clk 0:07:20]} 31. Qc3 {[%clk 0:24:04]}  Qg7 {[%clk 0:06:40]} 32. Qxg7+ {[%clk 0:22:21]}  Kxg7 {[%clk 0:07:08]} 33. Rfc3 {[%clk 0:22:31]}  g4 {[%clk 0:07:15]} 34. Kg1 {[%clk 0:22:33]}  Rf5 {[%clk 0:05:52]} 35. b5 {[%clk 0:19:19]}  f3 {[%clk 0:05:36]} 36. gxf3 {[%clk 0:18:45]}  gxf3 {[%clk 0:06:05]} 37. Kf2 {[%clk 0:17:04]}  Rg5 {[%clk 0:06:27]} 38. Re1 {[%clk 0:15:15]}  Bxd5 {[%clk 0:05:40]} 39. Re7+ {[%clk 0:13:29]}  Kf6 {[%clk 0:04:05]} 40. Ree3 {[%clk 0:13:18]}  Be6 {[%clk 0:01:47]} 41. Rxf3+ {[%clk 0:13:21]}  Rf5 {[%clk 0:01:37]} 42. Rxf5+ {[%clk 0:13:24]}  Bxf5 {[%clk 0:01:44]} 43. Rf3 {[%clk 0:12:48]}  Rc5 {[%clk 0:30:17]} 44. bxa6 {[%clk 0:40:15]}  bxa6 {[%clk 0:30:44]} 45. Nc2 {[%clk 0:40:31]}  Ke5 {[%clk 0:24:39]} 46. Ne3 {[%clk 0:38:48]}  Be6 {[%clk 0:23:59]} 47. Rf8 {[%clk 0:33:28]}  Bxc4 {[%clk 0:23:35]} 48. Rf5+ {[%clk 0:33:12]}  Kd4 {[%clk 0:23:51]} 49. Rf4+ {[%clk 0:33:19]}  Kd3 {[%clk 0:22:04]} 50. Nxc4 {[%clk 0:32:36]}  Rxc4 {[%clk 0:22:27]} 51. Rf6 {[%clk 0:32:16]}  Rc2+ {[%clk 0:18:20]} 52. Kg3 {[%clk 0:32:31]}  Rc6 {[%clk 0:17:44]} 53. Rh6 {[%clk 0:32:39]}  Kc3 {[%clk 0:16:38]} 54. h4 {[%clk 0:32:46]}  a5 {[%clk 0:16:31]} 55. Rxh7 {[%clk 0:32:35]}  d5 {[%clk 0:16:56]} 56. Kf3 {[%clk 0:31:24]}  d4 {[%clk 0:17:10]} 57. Ra7 {[%clk 0:30:39]}  Rc5 {[%clk 0:16:47]} 58. Ke2 {[%clk 0:27:18]}  Kc2 {[%clk 0:17:09]} 59. Rd7 {[%clk 0:27:37]}  Re5 {[%clk 0:16:43]} 60. Kf3 {[%clk 0:27:56]}  d3 {[%clk 0:16:55]} 61. Rc7+ {[%clk 0:28:16]}  Kd1 {[%clk 0:16:49]} 0-1

[Event "45th FIDE Chess Olympiad Open"]
[Site "Budapest, Hungary"]
[Date "2024.09.21"]
[Round "10"]
[White "Almiron, Antonio"]
[Black "Junior, Domingos"]
[Result "1/2-1/2"]
[Board "148"]
[WhiteFideId "3701166"]
[BlackFideId "10105972"]
[WhiteTitle "FM"]
[BlackTitle "FM"]
[WhiteElo "2312"]
[BlackElo "2183"]
[WhiteTeam "Paraguay"]
[BlackTeam "Angola"]
[WhiteClock "0:53:07"]
[BlackClock "0:11:49"]
[Variant "Standard"]

1. e4 {[%clk 1:30:59]}  c6 {[%clk 1:30:58]} 2. Nf3 {[%clk 1:31:24]}  d5 {[%clk 1:30:17]} 3. d3 {[%clk 1:31:49]}  dxe4 {[%clk 1:30:13]} 4. dxe4 {[%clk 1:32:14]}  Qxd1+ {[%clk 1:30:08]} 5. Kxd1 {[%clk 1:32:40]}  Nf6 {[%clk 1:28:50]} 6. Nfd2 {[%clk 1:32:31]}  g6 {[%clk 1:25:01]} 7. f3 {[%clk 1:32:47]}  Bg7 {[%clk 1:25:29]} 8. c3 {[%clk 1:33:04]}  O-O {[%clk 1:25:24]} 9. Nc4 {[%clk 1:32:30]}  Nfd7 {[%clk 1:20:06]} 10. Bg5 {[%clk 1:31:42]}  Re8 {[%clk 1:13:57]} 11. Nbd2 {[%clk 1:31:18]}  Ne5 {[%clk 1:05:17]} 12. Nxe5 {[%clk 1:29:54]}  Bxe5 {[%clk 1:02:53]} 13. a4 {[%clk 1:30:05]}  Nd7 {[%clk 0:56:32]} 14. a5 {[%clk 1:26:42]}  Nf8 {[%clk 0:54:25]} 15. Kc2 {[%clk 1:26:21]}  Be6 {[%clk 0:47:14]} 16. Nc4 {[%clk 1:25:57]}  Bc7 {[%clk 0:45:11]} 17. Be3 {[%clk 1:23:55]}  Nd7 {[%clk 0:38:03]} 18. h3 {[%clk 1:19:41]}  b5 {[%clk 0:36:48]} 19. Nd2 {[%clk 1:19:51]}  a6 {[%clk 0:37:01]} 20. f4 {[%clk 1:12:52]}  f6 {[%clk 0:29:16]} 21. g3 {[%clk 1:09:10]}  Bf7 {[%clk 0:28:30]} 22. Bg2 {[%clk 1:08:10]}  e5 {[%clk 0:28:32]} 23. f5 {[%clk 1:08:27]}  Bd6 {[%clk 0:23:24]} 24. Nb3 {[%clk 1:02:41]}  Red8 {[%clk 0:16:52]} 25. Rhd1 {[%clk 1:02:23]}  Be7 {[%clk 0:17:09]} 26. Rd2 {[%clk 1:01:27]}  Kf8 {[%clk 0:17:07]} 27. Rad1 {[%clk 1:01:31]}  Ke8 {[%clk 0:17:13]} 28. Nc1 {[%clk 0:58:28]}  c5 {[%clk 0:17:08]} 29. b3 {[%clk 0:58:36]}  Rac8 {[%clk 0:17:05]} 30. Kb2 {[%clk 0:52:28]}  Nb8 {[%clk 0:16:32]} 31. Rxd8+ {[%clk 0:52:50]}  Rxd8 {[%clk 0:16:51]} 32. Rxd8+ {[%clk 0:52:54]}  Kxd8 {[%clk 0:17:11]} 33. Nd3 {[%clk 0:52:30]}  Nd7 {[%clk 0:17:39]} 34. b4 {[%clk 0:51:47]}  cxb4 {[%clk 0:12:56]} 35. Nxb4 {[%clk 0:52:15]}  Bxb4 {[%clk 0:13:07]} 36. cxb4 {[%clk 0:52:43]}  Bc4 {[%clk 0:13:10]} 37. Kc3 {[%clk 0:52:43]}  Ke7 {[%clk 0:11:49]} 38. Bf3 {[%clk 0:53:07]} 1/2-1/2

[Event "45th FIDE Chess Olympiad Open"]
[Site "Budapest, Hungary"]
[Date "2024.09.21"]
[Round "10"]
[White "Bagheri, Amir"]
[Black "Meier, Georg"]
[Result "0-1"]
[Board "149"]
[WhiteFideId "12500283"]
[BlackFideId "4675789"]
[WhiteTitle "GM"]
[BlackTitle "GM"]
[WhiteElo "2372"]
[BlackElo "2591"]
[WhiteTeam "Monaco"]
[BlackTeam "Uruguay"]
[WhiteClock "0:06:19"]
[BlackClock "0:07:21"]
[Variant "Standard"]

1. d4 {[%clk 1:30:56]}  Nf6 {[%clk 1:30:46]} 2. Nf3 {[%clk 1:31:21]}  d5 {[%clk 1:31:10]} 3. Bf4 {[%clk 1:31:19]}  c5 {[%clk 1:31:35]} 4. c3 {[%clk 1:29:46]}  Nc6 {[%clk 1:31:58]} 5. dxc5 {[%clk 1:25:49]}  e6 {[%clk 1:30:42]} 6. b4 {[%clk 1:19:03]}  a5 {[%clk 1:31:06]} 7. b5 {[%clk 0:56:47]}  Ne7 {[%clk 1:30:40]} 8. e3 {[%clk 0:56:41]}  Ng6 {[%clk 1:30:19]} 9. Bd6 {[%clk 0:55:37]}  Bxd6 {[%clk 1:30:39]} 10. cxd6 {[%clk 0:56:01]}  Qxd6 {[%clk 1:29:46]} 11. Nbd2 {[%clk 0:56:16]}  e5 {[%clk 1:23:36]} 12. Be2 {[%clk 0:56:20]}  O-O {[%clk 1:21:15]} 13. O-O {[%clk 0:55:12]}  Bf5 {[%clk 1:15:29]} 14. Qa4 {[%clk 0:42:16]}  Nd7 {[%clk 1:01:01]} 15. c4 {[%clk 0:35:47]}  Nb6 {[%clk 0:50:53]} 16. Qd1 {[%clk 0:35:38]}  Rfc8 {[%clk 0:33:13]} 17. Rc1 {[%clk 0:31:34]}  Qb4 {[%clk 0:31:18]} 18. cxd5 {[%clk 0:24:48]}  Nxd5 {[%clk 0:31:26]} 19. e4 {[%clk 0:23:43]}  Rxc1 {[%clk 0:29:34]} 20. Qxc1 {[%clk 0:24:03]}  Ndf4 {[%clk 0:22:24]} 21. Bc4 {[%clk 0:11:20]}  Be6 {[%clk 0:22:52]} 22. a3 {[%clk 0:11:17]}  Qa4 {[%clk 0:23:09]} 23. g3 {[%clk 0:11:11]}  Nh3+ {[%clk 0:16:45]} 24. Kg2 {[%clk 0:11:05]}  Rc8 {[%clk 0:17:09]} 25. Bb3 {[%clk 0:08:26]}  Qxb5 {[%clk 0:14:04]} 26. Qb1 {[%clk 0:08:08]}  Bxb3 {[%clk 0:13:23]} 27. Qxb3 {[%clk 0:08:17]}  Qd7 {[%clk 0:13:51]} 28. Rb1 {[%clk 0:07:44]}  h6 {[%clk 0:09:35]} 29. Qxb7 {[%clk 0:06:41]}  Ngf4+ {[%clk 0:08:30]} 30. gxf4 {[%clk 0:06:06]}  Nxf4+ {[%clk 0:08:52]} 31. Kh1 {[%clk 0:05:57]}  Rc1+ {[%clk 0:08:07]} 32. Ng1 {[%clk 0:06:19]}  Qh3 {[%clk 0:07:21]} 0-1

[Event "45th FIDE Chess Olympiad Open"]
[Site "Budapest, Hungary"]
[Date "2024.09.21"]
[Round "10"]
[White "Rodriguez Vila, Andres"]
[Black "Efimov, Igor"]
[Result "1/2-1/2"]
[Board "150"]
[WhiteFideId "3000010"]
[BlackFideId "806404"]
[WhiteTitle "GM"]
[BlackTitle "GM"]
[WhiteElo "2417"]
[BlackElo "2338"]
[WhiteTeam "Uruguay"]
[BlackTeam "Monaco"]
[WhiteClock "0:34:11"]
[BlackClock "0:31:46"]
[Variant "Standard"]

1. e4 {[%clk 1:30:53]}  c5 {[%clk 1:30:28]} 2. Nf3 {[%clk 1:31:17]}  Nc6 {[%clk 1:29:54]} 3. d4 {[%clk 1:31:04]}  cxd4 {[%clk 1:30:15]} 4. c3 {[%clk 1:31:26]}  dxc3 {[%clk 1:29:04]} 5. Nxc3 {[%clk 1:31:51]}  e6 {[%clk 1:29:05]} 6. Bc4 {[%clk 1:32:13]}  a6 {[%clk 1:28:50]} 7. O-O {[%clk 1:32:25]}  Bc5 {[%clk 1:22:43]} 8. Bf4 {[%clk 1:29:33]}  Nge7 {[%clk 1:19:21]} 9. Rc1 {[%clk 1:28:09]}  Ng6 {[%clk 1:18:08]} 10. Bg3 {[%clk 1:28:26]}  b5 {[%clk 1:15:31]} 11. Bxb5 {[%clk 1:16:29]}  axb5 {[%clk 1:09:30]} 12. Nxb5 {[%clk 1:15:44]}  Bb6 {[%clk 1:09:52]} 13. Nd6+ {[%clk 1:16:09]}  Kf8 {[%clk 1:09:39]} 14. b4 {[%clk 1:13:23]}  Kg8 {[%clk 0:46:24]} 15. b5 {[%clk 1:12:18]}  Na5 {[%clk 0:46:38]} 16. h4 {[%clk 1:03:08]}  Nb7 {[%clk 0:46:04]} 17. Rxc8 {[%clk 1:03:08]}  Rxc8 {[%clk 0:42:57]} 18. Nxb7 {[%clk 0:57:06]}  Qe7 {[%clk 0:40:12]} 19. h5 {[%clk 0:49:15]}  Nf8 {[%clk 0:39:25]} 20. Nd6 {[%clk 0:49:24]}  Rc5 {[%clk 0:39:18]} 21. Ne5 {[%clk 0:48:38]}  Rc3 {[%clk 0:33:00]} 22. Kh2 {[%clk 0:48:19]}  f6 {[%clk 0:32:34]} 23. Nec4 {[%clk 0:45:31]}  Bc5 {[%clk 0:29:56]} 24. Qd2 {[%clk 0:43:32]}  Bb4 {[%clk 0:30:22]} 25. Qd4 {[%clk 0:38:27]}  e5 {[%clk 0:27:04]} 26. Qd5+ {[%clk 0:38:47]}  Ne6 {[%clk 0:26:24]} 27. b6 {[%clk 0:39:11]}  h6 {[%clk 0:25:19]} 28. Nb5 {[%clk 0:22:33]}  Rc2 {[%clk 0:19:18]} 29. a3 {[%clk 0:22:37]}  Bc5 {[%clk 0:18:44]} 30. b7 {[%clk 0:18:33]}  Kh7 {[%clk 0:19:04]} 31. a4 {[%clk 0:17:24]}  Qf7 {[%clk 0:18:18]} 32. Kg1 {[%clk 0:14:46]}  Rb8 {[%clk 0:11:37]} 33. a5 {[%clk 0:06:30]}  Qxh5 {[%clk 0:07:18]} 34. a6 {[%clk 0:05:08]}  Qg4 {[%clk 0:06:31]} 35. Qd3 {[%clk 0:04:10]}  Rxc4 {[%clk 0:04:41]} 36. Qxc4 {[%clk 0:04:26]}  Qxg3 {[%clk 0:03:33]} 37. Qxc5 {[%clk 0:04:50]}  Nxc5 {[%clk 0:03:08]} 38. a7 {[%clk 0:03:53]}  Qb3 {[%clk 0:03:18]} 39. axb8=Q {[%clk 0:04:11]}  Qxb5 {[%clk 0:03:40]} 40. Rc1 {[%clk 0:03:21]}  Qxb7 {[%clk 0:02:13]} 41. Qxb7 {[%clk 0:03:34]}  Nxb7 {[%clk 0:02:41]} 42. Rc7 {[%clk 0:03:54]}  Nd8 {[%clk 0:01:41]} 43. Rxd7 {[%clk 0:04:15]}  Ne6 {[%clk 0:02:09]} 44. f3 {[%clk 0:04:31]}  h5 {[%clk 0:02:05]} 45. Kf2 {[%clk 0:04:35]}  h4 {[%clk 0:29:22]} 46. g3 {[%clk 0:33:59]}  hxg3+ {[%clk 0:29:37]} 47. Kxg3 {[%clk 0:34:25]}  Kg6 {[%clk 0:29:15]} 48. Kg4 {[%clk 0:33:11]}  Nf4 {[%clk 0:29:35]} 49. Rd1 {[%clk 0:32:11]}  Ne6 {[%clk 0:29:12]} 50. Rg1 {[%clk 0:32:31]}  Nf4 {[%clk 0:29:34]} 51. Kh4+ {[%clk 0:32:51]}  Kh6 {[%clk 0:29:25]} 52. Rg4 {[%clk 0:32:08]}  Ng6+ {[%clk 0:29:29]} 53. Kg3 {[%clk 0:32:29]}  Nf4 {[%clk 0:28:41]} 54. Kf2 {[%clk 0:32:52]}  g6 {[%clk 0:28:51]} 55. Ke3 {[%clk 0:33:05]}  Kg7 {[%clk 0:29:16]} 56. Rg1 {[%clk 0:33:25]}  Kf7 {[%clk 0:29:30]} 57. Ra1 {[%clk 0:33:30]}  Kg7 {[%clk 0:29:42]} 58. Kd2 {[%clk 0:32:55]}  Kh6 {[%clk 0:29:39]} 59. Rg1 {[%clk 0:33:14]}  Kg7 {[%clk 0:29:58]} 60. Kc2 {[%clk 0:33:37]}  Kh6 {[%clk 0:30:17]} 61. Kb3 {[%clk 0:33:59]}  Ne2 {[%clk 0:30:23]} 62. Rh1+ {[%clk 0:33:44]}  Kg5 {[%clk 0:30:41]} 63. Kc4 {[%clk 0:33:49]}  Kf4 {[%clk 0:30:17]} 64. Rh6 {[%clk 0:32:46]}  Kxf3 {[%clk 0:30:24]} 65. Rxg6 {[%clk 0:33:08]}  Kxe4 {[%clk 0:30:48]} 66. Rxf6 {[%clk 0:33:32]}  Nd4 {[%clk 0:30:53]} 67. Rf8 {[%clk 0:33:35]}  Ne6 {[%clk 0:31:02]} 68. Rf1 {[%clk 0:33:51]}  Nf4 {[%clk 0:31:22]} 69. Re1 {[%clk 0:34:09]}  Kf5 {[%clk 0:31:46]} 70. Rxe5+ {[%clk 0:34:11]} 1/2-1/2

[Event "45th FIDE Chess Olympiad Open"]
[Site "Budapest, Hungary"]
[Date "2024.09.21"]
[Round "10"]
[White "Levacic, Damir"]
[Black "Roselli Mailhe, Bernardo"]
[Result "0-1"]
[Board "151"]
[WhiteFideId "600180"]
[BlackFideId "3000028"]
[WhiteTitle "IM"]
[BlackTitle "IM"]
[WhiteElo "2097"]
[BlackElo "2362"]
[WhiteTeam "Monaco"]
[BlackTeam "Uruguay"]
[WhiteClock "0:02:09"]
[BlackClock "0:14:11"]
[Variant "Standard"]

1. d4 {[%clk 1:30:57]}  Nf6 {[%clk 1:30:55]} 2. c4 {[%clk 1:31:11]}  e6 {[%clk 1:31:19]} 3. Nc3 {[%clk 1:31:14]}  Bb4 {[%clk 1:31:43]} 4. e3 {[%clk 1:31:35]}  O-O {[%clk 1:32:04]} 5. Bd3 {[%clk 1:31:36]}  d5 {[%clk 1:31:12]} 6. a3 {[%clk 1:31:42]}  Be7 {[%clk 1:29:54]} 7. Nge2 {[%clk 1:27:03]}  b6 {[%clk 1:28:55]} 8. cxd5 {[%clk 1:22:42]}  exd5 {[%clk 1:29:19]} 9. Ng3 {[%clk 1:21:33]}  Re8 {[%clk 1:25:12]} 10. O-O {[%clk 1:07:12]}  Bb7 {[%clk 1:24:05]} 11. b4 {[%clk 1:06:06]}  c6 {[%clk 1:18:14]} 12. Rb1 {[%clk 1:03:45]}  Nbd7 {[%clk 1:17:15]} 13. f3 {[%clk 0:55:13]}  Nf8 {[%clk 1:13:00]} 14. Nf5 {[%clk 0:54:20]}  Ne6 {[%clk 1:13:23]} 15. Nxe7+ {[%clk 0:53:49]}  Rxe7 {[%clk 1:11:23]} 16. Ne2 {[%clk 0:46:49]}  a5 {[%clk 0:57:48]} 17. Kh1 {[%clk 0:41:20]}  axb4 {[%clk 0:56:27]} 18. axb4 {[%clk 0:41:48]}  Nc7 {[%clk 0:56:26]} 19. Qc2 {[%clk 0:40:05]}  Qe8 {[%clk 0:54:31]} 20. Ng3 {[%clk 0:36:18]}  Ba6 {[%clk 0:53:39]} 21. Bxa6 {[%clk 0:33:55]}  Rxa6 {[%clk 0:53:46]} 22. Bd2 {[%clk 0:30:01]}  Nb5 {[%clk 0:47:26]} 23. Rbc1 {[%clk 0:29:45]}  Rc7 {[%clk 0:42:42]} 24. Ra1 {[%clk 0:18:25]}  Qa8 {[%clk 0:36:20]} 25. Rxa6 {[%clk 0:18:52]}  Qxa6 {[%clk 0:36:45]} 26. Qd3 {[%clk 0:15:16]}  Rd7 {[%clk 0:28:53]} 27. Rc1 {[%clk 0:14:02]}  Qa8 {[%clk 0:28:00]} 28. Qc2 {[%clk 0:12:48]}  Rc7 {[%clk 0:27:22]} 29. Be1 {[%clk 0:07:05]}  Qa3 {[%clk 0:23:37]} 30. Nf5 {[%clk 0:05:36]}  g6 {[%clk 0:20:57]} 31. Bh4 {[%clk 0:04:46]}  Ne8 {[%clk 0:15:29]} 32. Ne7+ {[%clk 0:04:11]}  Kg7 {[%clk 0:15:51]} 33. Nxc6 {[%clk 0:03:23]}  Na7 {[%clk 0:10:03]} 34. b5 {[%clk 0:03:40]}  Nxb5 {[%clk 0:10:21]} 35. Bd8 {[%clk 0:02:47]}  Rc8 {[%clk 0:09:45]} 36. Bxb6 {[%clk 0:03:00]}  Qxe3 {[%clk 0:09:06]} 37. Bc5 {[%clk 0:02:13]}  Rxc6 {[%clk 0:06:12]} 38. Bf8+ {[%clk 0:02:38]}  Kxf8 {[%clk 0:06:39]} 39. Qxc6 {[%clk 0:02:58]}  Nbd6 {[%clk 0:05:46]} 40. Rd1 {[%clk 0:02:54]}  Qe6 {[%clk 0:05:37]} 41. Qc3 {[%clk 0:30:02]}  Nf6 {[%clk 0:33:17]} 42. Re1 {[%clk 0:28:35]}  Qd7 {[%clk 0:33:34]} 43. g4 {[%clk 0:27:31]}  Kg7 {[%clk 0:31:58]} 44. Qe3 {[%clk 0:25:56]}  h6 {[%clk 0:29:15]} 45. h3 {[%clk 0:24:41]}  Qa7 {[%clk 0:26:34]} 46. Rd1 {[%clk 0:16:38]}  Qa4 {[%clk 0:26:11]} 47. Qd3 {[%clk 0:14:46]}  Nb5 {[%clk 0:26:08]} 48. Rd2 {[%clk 0:13:27]}  Nc7 {[%clk 0:25:15]} 49. Qe3 {[%clk 0:12:13]}  Ne6 {[%clk 0:25:37]} 50. h4 {[%clk 0:10:52]}  g5 {[%clk 0:25:01]} 51. hxg5 {[%clk 0:09:47]}  hxg5 {[%clk 0:25:26]} 52. Kh2 {[%clk 0:04:29]}  Qb4 {[%clk 0:25:31]} 53. Kg3 {[%clk 0:04:20]}  Qb1 {[%clk 0:24:08]} 54. Rh2 {[%clk 0:02:45]}  Nf4 {[%clk 0:22:12]} 55. Rd2 {[%clk 0:01:25]}  Qc1 {[%clk 0:21:08]} 56. Kf2 {[%clk 0:01:26]}  Nd7 {[%clk 0:19:33]} 57. Kg3 {[%clk 0:00:59]}  Kg6 {[%clk 0:19:04]} 58. Kf2 {[%clk 0:01:14]}  Qh1 {[%clk 0:14:32]} 59. Qc3 {[%clk 0:01:42]}  Qg2+ {[%clk 0:14:03]} 60. Ke3 {[%clk 0:01:56]}  Qg1+ {[%clk 0:14:16]} 61. Rf2 {[%clk 0:02:09]}  Nh3 {[%clk 0:14:11]} 0-1